Theorie der Funktionen mehrerer komplexer Veränderlichen /
Guardado en:
| Autor Principal: | |
|---|---|
| Otros Autores: | , |
| Formato: | Libro |
| Idioma: | German |
| Publicado: |
Berlin :
Springer,
1970.
|
| Edición: | 2., erw. Aufl. / |
| Series: | Ergebnisse der Mathematik und ihrer Grenzgebiete ;
Bd. 51 |
| Etiquetas: |
Agregar Etiqueta
Sin Etiquetas, Sea el primero en etiquetar este registro!
|
| LEADER | 00885cam a22002295 4500 | ||
|---|---|---|---|
| 001 | MAT.inmabb001865 | ||
| 008 | 761009s1970####gw#######b####001#0#ger#d | ||
| 005 | 20160809160720.0 | ||
| 245 | 1 | 0 | |a Theorie der Funktionen mehrerer komplexer Veränderlichen / |c H. Behnke, P. Thullen. |
| 250 | |a 2., erw. Aufl. / |b hrsg. von R. Remmert ; unter Mitarb. von W. Barth ... [et al.]. | ||
| 260 | |a Berlin : |b Springer, |c 1970. | ||
| 300 | |a xv, 225 p. ; |c 24 cm. | ||
| 440 | 0 | |a Ergebnisse der Mathematik und ihrer Grenzgebiete ; |v Bd. 51 | |
| 504 | |a Incluye referencias bibliográficas (p. [205]-221) e índices. | ||
| 510 | 4 | |a MR, |c 42 #6274 | |
| 100 | 1 | |a Behnke, Heinrich, |d 1898-1979. | |
| 700 | 1 | |a Thullen, Peter. | |
| 700 | 1 | |a Remmert, Reinhold. |4 edt | |
| 246 | 1 | 8 | |a Funktionentheorie mehrerer Veränderlichen |
| 084 | |a 32 |2 msc2000 | ||
| 010 | |a 71104193 | ||
| 859 | |h 32 |i B419-2 |p A-3345 |b BIB. MATEMATICA | ||
